| Tag |
First Indicator |
Second Indicator |
Subfields |
| LEADER |
00000cam a2200000Ii 4500 |
| 001 |
in00004160521 |
| 005 |
20200729072934.0 |
| 008 |
200414s1963 txua s000 0 eng d |
| 035 |
|
|
|a (OCoLC)1150786697
|
| 040 |
|
|
|a TXA
|b eng
|e rda
|c TXA
|d UtOrBLW
|
| 086 |
|
|
|a Z TA245.7 M861 no. 414 [1963 revised]
|2 txdocs
|
| 090 |
|
|
|a S117
|b .E295 no. 414 [1963 revised]
|
| 100 |
1 |
|
|a DeWerth, A. F.,
|e author.
|0 http://id.loc.gov/authorities/names/no2005013009
|
| 245 |
1 |
0 |
|a Management practices for retail florists /
|c A.F. DeWerth, H.B. Sorensen, A.B. Wooten.
|
| 250 |
|
|
|a Revised.
|
| 264 |
|
1 |
|a College Station, Texas :
|b Texas Agricultural Extension Service,
|c [1963]
|
| 300 |
|
|
|a 9 pages :
|b illustrations.
|
| 336 |
|
|
|a text
|b txt
|2 rdacontent
|
| 337 |
|
|
|a unmediated
|b n
|2 rdamedia
|
| 338 |
|
|
|a volume
|b nc
|2 rdacarrier
|
| 490 |
1 |
|
|a MP ;
|v 414
|
| 500 |
|
|
|a Title from caption.
|
| 500 |
|
|
|a "21/2M--11-63, Revised"
|
| 650 |
|
0 |
|a Florists
|x Management.
|
| 650 |
|
0 |
|a Floriculture.
|0 http://id.loc.gov/authorities/subjects/sh85049214
|
| 650 |
|
3 |
|a cut flowers.
|
| 650 |
|
3 |
|a marketing.
|
| 650 |
|
3 |
|a business development.
|
| 650 |
|
3 |
|a business management.
|
| 700 |
1 |
|
|a Sorensen, H. B.
|q (Harold B.),
|e author.
|0 http://id.loc.gov/authorities/names/n90604408
|
| 700 |
1 |
|
|a Wooten, Alvin B.,
|e author.
|0 http://id.loc.gov/authorities/names/no2019056335
|
| 710 |
2 |
|
|a Texas Agricultural Experiment Station,
|e issuing body.
|0 http://id.loc.gov/authorities/names/n80126135
|
| 830 |
|
0 |
|a Miscellaneous publication (College Station, Tex.) ;
|v no. 414 [1963 revised].
|0 http://id.loc.gov/authorities/names/n42032489
|
| 856 |
4 |
1 |
|z Available online via OAK Trust Repository
|u https://oaktrust.library.tamu.edu/handle/1969.1/160845
|t 0
|
| 994 |
|
|
|a C0
|b TXA
|
| 948 |
|
|
|a cataloged
|b h
|c 2020/4/14
|d o
|e nbehmer
|f 4:44:10 pm
|
| 999 |
f |
f |
|s c3ef79d5-4f24-3d5f-b7b1-7ffc5e239d58
|i 5d7476cc-1287-3b53-a383-636830e9573a
|t 0
|
| 952 |
f |
f |
|a Texas A&M University
|b College Station
|c Electronic Resources
|d Available Online
|t 0
|e Z TA245.7 M861 no. 414 [1963 revised]
|g Electronic
|h Superintendent of Documents classification
|
| 998 |
f |
f |
|a Z TA245.7 M861 no. 414 [1963 revised]
|t 0
|l Available Online
|